[Event "Mecklenburg VP-ch Seniors op 06th"]
[Site "Plau am See"]
[Date "2006.10.05"]
[Round "2"]
[White "Thielemann, Joachim"]
[Black "Helmsen, Franz"]
[Result "1/2-1/2"]
[WhiteElo "1835"]
[BlackElo "1971"]
[PlyCount "81"]
[EventDate "2006.10.04"]
[EventType "swiss"]
[EventRounds "9"]
[EventCountry "GER"]
[SourceTitle "EXT 2022"]
[Source "ChessBase"]
[SourceDate "2021.10.06"]
[SourceVersion "1"]
[SourceVersionDate "2021.10.06"]
[SourceQuality "1"]

1. e4 c5 2. Nc3 Nc6 3. g3 g6 4. Bg2 Bg7 5. d3 e6 6. Nge2 Nge7 7. 0-0 0-0 8. Be3 Nd4 9. Rb1 Nec6 10. a3 a5 11. f4 d6 12. g4 f5 13. Ng3 Rb8 14. g5 b5 15. Nce2 Nxe2+ 16. Qxe2 b4 17. h4 Nd4 18. Qf2 Ba6 19. axb4 axb4 20. b3 fxe4 21. Nxe4 Nf5 22. Kh2 Nxe3 23. Qxe3 Bd4 24. Qh3 Bc8 25. Ng3 Qc7 26. h5 Qf7 27. hxg6 hxg6 28. Ne4 d5 29. Nd6 Qh7 30. Nxc8 Rbxc8 31. Rbe1 Rce8 32. Kg3 Qxh3+ 33. Bxh3 Kf7 34. Re2 Re7 35. Rh1 Rh8 36. Reh2 Ree8 37. Bg4 Rxh2 38. Rxh2 Kg7 39. Re2 Kf7 40. Bh3 Bc3 41. Bg4 1/2-1/2

[Event "GER-chT Seniors 15th"]
[Site "Bad Blankenburg"]
[Date "2006.09.08"]
[Round "6.4"]
[White "Csulits, Anton"]
[Black "Helmsen, Franz"]
[Result "1/2-1/2"]
[WhiteElo "2222"]
[BlackElo "2147"]
[PlyCount "32"]
[EventDate "2006.09.03"]
[EventType "team-swiss"]
[EventRounds "7"]
[EventCountry "GER"]
[SourceTitle "CBM 114 Extra"]
[Source "ChessBase"]
[SourceDate "2006.11.03"]
[SourceVersion "1"]
[SourceVersionDate "2006.11.03"]
[SourceQuality "1"]

1. d4 Nf6 2. Nf3 e6 3. g3 b6 4. Bg2 Bb7 5. 0-0 Be7 6. c4 0-0 7. d5 exd5 8. Nh4 c6 9. cxd5 Nxd5 10. Nf5 Nc7 11. e4 d5 12. Nc3 Bf6 13. Bf4 Bc8 14. g4 Bxf5 15. gxf5 dxe4 16. Nxe4 Nd5 1/2-1/2

[Event "GER-chT Seniors 15th"]
[Site "Bad Blankenburg"]
[Date "2006.09.07"]
[Round "5.4"]
[White "Helmsen, Franz"]
[Black "Wimmer, Herbert"]
[Result "0-1"]
[WhiteElo "2147"]
[BlackElo "2223"]
[PlyCount "81"]
[EventDate "2006.09.03"]
[EventType "team-swiss"]
[EventRounds "7"]
[EventCountry "GER"]
[SourceTitle "CBM 114 Extra"]
[Source "ChessBase"]
[SourceDate "2006.11.03"]
[SourceVersion "1"]
[SourceVersionDate "2006.11.03"]
[SourceQuality "1"]

1. e4 d5 2. exd5 Qxd5 3. d4 g6 4. Nf3 Bg7 5. h3 Nh6 6. Na3 Nf5 7. c3 c5 8. Bb5+ Bd7 9. dxc5 Qxc5 10. Bxd7+ Nxd7 11. 0-0 Rd8 12. Qe2 Ng3 13. Qe3 Nxf1 14. Kxf1 0-0 15. Nc2 e5 16. Qe2 Qc7 17. Ne3 e4 18. Nd4 Nb6 19. Kg1 Rfe8 20. Nec2 a6 21. Bg5 Rd5 22. Qg4 Qc8 23. Qg3 Nc4 24. Rb1 h6 25. Bc1 Kh7 26. b3 Ne5 27. Bd2 Nc6 28. Be3 Nxd4 29. Bxd4 Bxd4 30. Nxd4 e3 31. Qf3 exf2+ 32. Qxf2 f5 33. Qf3 Rde5 34. Rf1 Qc7 35. Qg3 Qc5 36. Qf3 R8e7 37. b4 Qc4 38. Qg3 Re3 39. Qh4 Qxc3 40. Rxf5 gxf5 41. Nxf5 0-1

[Event "GER-chT Seniors 15th"]
[Site "Bad Blankenburg"]
[Date "2006.09.04"]
[Round "2.4"]
[White "Helmsen, Franz"]
[Black "Jensen, Helmut"]
[Result "1-0"]
[WhiteElo "2147"]
[BlackElo "1811"]
[PlyCount "123"]
[EventDate "2006.09.03"]
[EventType "team-swiss"]
[EventRounds "7"]
[EventCountry "GER"]
[SourceTitle "CBM 114 Extra"]
[Source "ChessBase"]
[SourceDate "2006.11.03"]
[SourceVersion "1"]
[SourceVersionDate "2006.11.03"]
[SourceQuality "1"]

1. e4 e5 2. Nf3 Nc6 3. Bb5 a6 4. Ba4 Nf6 5. Qe2 Be7 6. c3 b5 7. Bb3 d6 8. a4 Rb8 9. axb5 axb5 10. 0-0 Bg4 11. h3 Bxf3 12. Qxf3 0-0 13. d3 Ra8 14. Rxa8 Qxa8 15. Be3 Qa1 16. Qe2 Qa6 17. Nd2 Ra8 18. Nf3 Na5 19. Bc2 c5 20. Ra1 Qb7 21. Bd2 Nc6 22. Qd1 h6 23. Be3 Ra7 24. Nd2 Qa8 25. Rxa7 Qxa7 26. Qb1 Nd7 27. Bb3 Nb6 28. Kf1 Qa6 29. Ke1 Kf8 30. Nf1 b4 31. Nd2 bxc3 32. bxc3 Qa5 33. Qc1 Qa6 34. Ke2 Qa5 35. Nc4 Nxc4 36. Bxc4 Qa4 37. Qb2 Qa7 38. Bd5 Nd8 39. g3 Ne6 40. Kf3 Nc7 41. Bc4 Ne6 42. Kg2 Bd8 43. Qb3 Ke7 44. f4 Qb6 45. Qa2 Qa5 46. fxe5 dxe5 47. Bxe6 fxe6 48. Qxa5 Bxa5 49. Bxc5+ Kf7 50. c4 Bc3 51. Kf3 g6 52. Ke3 g5 53. Ke2 Kg6 54. g4 Kf6 55. Be3 Kg6 56. Kd1 Bb2 57. Kc2 Ba1 58. Kb3 Kf7 59. Kb4 Bc3+ 60. Kb5 Bb2 61. Kc6 Bc3 62. Kd6 1-0

[Event "Niedersachsen-ch Seniors op 09th"]
[Site "Bad Bevensen"]
[Date "2006.06.27"]
[Round "4"]
[White "Helmsen, Franz"]
[Black "Rychlik, Kurt"]
[Result "0-1"]
[WhiteElo "1959"]
[BlackElo "1857"]
[PlyCount "76"]
[EventDate "2006.06.24"]
[EventType "swiss"]
[EventRounds "9"]
[EventCountry "GER"]
[SourceTitle "EXT 2022"]
[Source "ChessBase"]
[SourceDate "2021.10.06"]
[SourceVersion "1"]
[SourceVersionDate "2021.10.06"]
[SourceQuality "1"]

1. e4 d5 2. Nc3 d4 3. Nce2 e5 4. d3 c5 5. g3 Nc6 6. Bg2 Be7 7. Nh3 Bg4 8. f3 Be6 9. f4 f6 10. 0-0 Qd7 11. Nf2 h5 12. f5 Bf7 13. Bh3 0-0-0 14. b3 Kb8 15. Kg2 Nh6 16. Ng1 Qc7 17. Nf3 Bd6 18. Nh4 Ne7 19. Nh1 Rdg8 20. Bd2 Be8 21. Qe2 Qc6 22. Kg1 Bd7 23. Bg2 Ng4 24. h3 Nh6 25. Kh2 Nf7 26. Bf3 g5 27. fxg6 Ng5 28. Bg2 Nxg6 29. Nf5 h4 30. gxh4 Nxh4 31. Nxh4 Rxh4 32. Bxg5 fxg5 33. Ng3 g4 34. Nf5 Bxf5 35. Rxf5 Be7 36. Raf1 Qh6 37. Rxe5 Bd6 38. Rff5 Bxe5+ 0-1

[Event "Niedersachsen-ch Seniors op 09th"]
[Site "Bad Bevensen"]
[Date "2006.06.24"]
[Round "3"]
[White "Ljubarskij, Jurij"]
[Black "Helmsen, Franz"]
[Result "1-0"]
[WhiteElo "2222"]
[BlackElo "1959"]
[PlyCount "40"]
[EventDate "2006.06.24"]
[EventType "swiss"]
[EventRounds "9"]
[EventCountry "GER"]
[SourceTitle "EXT 2022"]
[Source "ChessBase"]
[SourceDate "2021.10.06"]
[SourceVersion "1"]
[SourceVersionDate "2021.10.06"]
[SourceQuality "1"]

1. e4 e5 2. Nc3 Nf6 3. g3 Nc6 4. Bg2 d6 5. Nge2 Be7 6. d4 0-0 7. 0-0 Re8 8. h3 Bf8 9. f4 exd4 10. Nxd4 Nxd4 11. Qxd4 Nd7 12. Be3 c6 13. Qd2 Qc7 14. Rfe1 Nb6 15. b3 Be6 16. a4 Rad8 17. a5 Nc8 18. f5 Bd7 19. g4 f6 20. g5 Kh8 1-0